| 000 | 00979nam0a22002771 4500 | ||
|---|---|---|---|
| 001 | RU\NLR\A1SV\94284 | ||
| 005 | 20260407221812.0 | ||
| 035 | _a(NLR Aleph) 009775637 | ||
| 090 |
_a10073941 _c10073941 |
||
| 100 | _a20090407d1926 u y0rusy50 ca | ||
| 101 | 0 | _arus | |
| 102 | _aRU | ||
| 200 | 1 |
_aМеждународный юношеский день _eКн., вышедшие в изд. изд-ва "Новая Москва" _fИзд-во Моск. Сов. РК. и КД Новая Москва _gПод общ. ред. МК ВЛКСМ |
|
| 210 |
_aМ. _cИзд-во Моск. Сов. РК. и КД "Новая Москва" _d1926 |
||
| 215 |
_a12 с. _d22 см |
||
| 620 | _dМосква | ||
| 710 | 0 | 2 |
_a"Новая Москва", издательство _3RU\NLR\AUTH\8810148841 _9792222 |
| 801 | 0 |
_aRU _bNLR _c20090407 |
|
| 899 | _aРКП | ||
| 899 | _aГОПБ | ||
| 899 | _aРГБ | ||
| 942 | _cBOOK | ||
| 980 | _aNB | ||
| 980 | _aA1SV | ||
| 980 | _aA1SV | ||